000 004920000a22001810004500
020 _a0-7152-0663-X
041 0 _aENG
082 0 4 _aG 285.20924 S453j
100 1 _aSefton, Henry R.
245 1 0 _aJohn Knox : An account of the development of his spirituality / Henry R. Sefton
260 _aEdinburgh : Saint Andrew
300 _a124 Pag
001 8768
942 _cBK
999 _c38888
_d38888
336 _atexto
_btxt
_2rdacontent
337 _2rdamedia
_asin mediación
_bn
338 _2rdacarrier
_avolumen
_bnc